000 01042nam a22002531cc4500
001 a987692951+Volume2
035 _aa987692951
008 200114s2007 gw |||| 000u eng d
245 0 0 _aGesta pontificum Anglorum
_cWilliam of Malmesbury. By R. M. Thomson with assistance of M. Winterbottom
_nVolume two
_pIntroduction and Commentary /
264 _aOxford, [England] :
_bClarendon Press,
_c2007
300 _a1 Online-Ressource (416 pages)
336 _aText
_btxt
_2rdacontent
337 _aComputermedien
_bc
_2rdamedia
338 _aOnline-Ressource
_bcr
_2rdacarrier
655 0 _aFernzugriff
_9230
700 1 _aThomson, Rodney M.
_eHerausgeberIn
_916989
700 1 _aWinterbottom, M.
_eHerausgeberIn
_916990
246 1 2 _aGesta pontificum Anglorum : The History of the English Bishops. Introduction and Commentary
_nVolume two
773 0 8 _wa987692951
_qVolume2
856 4 _uhttps://ebookcentral.proquest.com/lib/maxweberstiftung-ebooks/detail.action?docID=431328
942 _cEB
040 _cRU-10907106
003 RU-10907106
999 _c29552
_d29552